000 00699cam a22001934a 4500
005 20250605164351.0
008 250528s ||||||||||||||||||||||||d
035 _a24114
040 _aGR-AtMCL
_bgre
_dGR-AtMCL
_eAACR2
245 1 _aGood Work in Psychology / Keeping Ethical Hats Straight
260 _c2007
300 _a63
520 _aThe Most Important Psychology Experiment Never Done, Rise of the Cyber-Cheat, Eysenck Lecture, Bartlett in the Digital Age, Personality and Psychology: Hans Eysenck's Unifying Themes, A Builder of Bridges.
700 1 _aSutton Jon
_99351
942 _cCR
710 2 _aThe British Psychological Society
_99823
999 _c9013
_d9013